Annual review of biochemistry

Wedi'i Gadw mewn:
Manylion Llyfryddiaeth
Prif Awduron: Richardson, Charles C (Awdur), Abelson, John N (Awdur), Meister, Alton (Awdur), Walsh, Christopher T (Awdur)
Fformat: Llyfr
Iaith:Saesneg
Cyhoeddwyd: Palo Alto Annual Review 1990
Pynciau:
Tagiau: Ychwanegu Tag
Dim Tagiau, Byddwch y cyntaf i dagio'r cofnod hwn!

MARC

LEADER 00000nam a2200000 a 4500
001 UCG0869
003 CL-VaPUC
008 100415e19900000US |||||||||||||||||eng|d
020 |a 082430859X 
082 0 4 |a 660.63  |b RIC  |2 21 
100 0 |a Richardson, Charles C  |e author  |9 548528 
700 0 |a Abelson, John N  |e author  |9 548529 
700 0 |a Meister, Alton  |e author  |9 548530 
700 0 |a Walsh, Christopher T  |e author  |9 548531 
245 1 0 |a Annual review of biochemistry 
300 |a v 
942 |c BK 
945 |d 20100415 00:00:00  |a rbrito 
260 |a Palo Alto  |b Annual Review  |c 1990 
650 0 |a Bioquímica   |9 259492 
650 0 |a Enzimas  |9 262984 
650 0 |a Biología molecular  |9 269677 
650 7 |a PROTEINAS  |2 CL-VaPUC  |9 548532 
650 0 |a Bacterias  |9 298237 
583 |a last modification  |c 20131230 05:49:32  |k Rodrigo Vera 
999 |c 340387  |d 340385